000 01231nam0a22002771 4500
001 rc\2699645
005 20230518180136.0
035 _a(NLR Aleph) 006827786
090 _a6512244
_c6512244
100 _a20110915g19341935|||y0rusy50 ca
101 1 _arus
_cger
102 _aRU
105 _aae z |||||
200 1 _aСтроение земли
_fБ. Гутенберг
_gПер. с нем. под ред. и с доп. А. Н. Зильбермана
210 _aМосква
_aЛенинград
_cГлав. ред. общетехн. дисциплин
_d1934 [на обл.: 1935]
_eМосква
_g1 журн. тип. ОНТИ
215 _aПереплет, 169 с., 2 с. объявл.
_cчерт.
_d23х15 см.
300 _aНа обороте тит. л.: "Der aufbau der erde. Von dr. B. Gutenberg, privatdozenten fur geophysik an der Universitat Frankfurt a. M. Verlag von gebruder Borntraeger, Berlin. 1925"
320 _aБиблиогр.: "Лит. указатель" (с. 158-69)
700 1 _aГутенберг
_bБ.
_gБено
702 1 _aЗильберман
_bА. Н.
_4340
801 0 _aRU
_bNLR
_gpsbo
801 1 _aRU
_bELAR
_2rusmarc
852 _aNLR
_j34-4/2772
942 _cBOOK
980 _aNB